LEADER 01118nam a2200277 u 4500 001 000000022866 003 CaOOAMICUS 005 20070226111155.0 008 950404s1968 enk u000 u eng u 035 $a10575520 040 $aPUL(R)$bita 100 1 $aWatson, Alan,$d1933-$0(OLS)http://pul/name/4783 245 14$aThe law of property in the later Roman Republic /$cby Alan Watson. 260 $aOxford :$bat the Clarendon press,$c1968. 300 $axii, 243 p. ;$c23 cm 500 $aIncludes indexes. 504 $aBibliographical footnotes. 650 4$aRoman law.$0(OLS)http://pul/subject/117 650 0$aProperty (Roman law).$2//eng$0(OLS)http://pul/subject/2721 850 $aPUL 852 $aPUL$W1$xSL Diritto e Scienze Sociali 1$y4$m184 A 61$j32056$nBK-PRI$b $qStampati$B32056$CPULBib$Z2$F32056 $H $81 941 1 $a8 960 $aDiritto romano$9117 960 $aDiritto romano$9117 996 $6245$aThe law of property in the later Roman Republic$9(OLS)http://pul/title/31829 996 $6260$aOxford :$bat the Clarendon press$9(OLS)http://pul/publisher/48828 LEADER 01797nam a2200397 a 4500 001 000000135250 003 CaOOAMICUS 005 20130902114746.0 008 130902s2013 it u000 u ita r 020 $a88-14-16311-1 040 $aPUL$bita 082 04$a345.45 245 00$aProcesso minorile /$ca cura di Pierluigi Cipolla, Claudio Cottatellucci, Mario Giarrusso ; coordinamento di Pasquale Bronzo. 250 $aNuova ed. 260 $aMilano :$bGiuffrè,$c©2013. 300 $aXXXII, 468 p. ;$c25 cm. 490 1 $aCodice di procedura penale : rassegna di giurisprudenza e di dottrina ;$v12 500 $aSul front.: Parte speciale. 500 $aIn testa al front.: Giorgio Lattanzi, Ernesto Lupo. 504 $aBibliografia in nota. 650 4$aProcedura penale$zItalia.$0(OLS)http://pul/subject/12686 700 1 $aBronzo, Pasquale.$0(OLS)http://pul/name/85341 700 1 $aCottatellucci, Claudio.$0(OLS)http://pul/name/87135 700 1 $aLupo, Ernesto.$0(OLS)http://pul/name/85343 700 1 $aLattanzi, Giorgio.$0(OLS)http://pul/name/51063 700 1 $aCipolla, Pierluigi.$0(OLS)http://pul/name/87136 700 1 $aGiarrusso, Mario.$0(OLS)http://pul/name/87137 830 0$aCodice di procedura penale : rassegna di giurisprudenza e di dottrina ;$v12.$0(OLS)http://pul/title/167434 850 $aPUL 852 $aPUL$W1$xSL Diritto e Scienze Sociali 3$y79$m345. 45 LATGI 1.12$j155826$qDDC 21$B155263$CPULBib$Z2$F155263 $H122776 $82 941 1 $a9 996 $6020$a88-14-16311-1$9(OLS)http://pul/number/153431 996 $6082$a345.45$9(OLS)http://pul/classification/371 996 $6245$aProcesso minorile$9(OLS)http://pul/title/171034 996 $6260$aMilano :$bGiuffrè$9(OLS)http://pul/publisher/48401